banner koha

Isotopic variation of oxygen in the water of river Solimoes/Amazon and its main tributaries (Registro n. 123016)

MARC details
000 -LÍDER
campo de controle de tamanho fixo 00836nas a2200277 4500
001 - NÚMERO DE CONTROLE
campo de controle BR8802735
003 - IDENTIFICADOR DO NÚMERO DE CONTROLE
campo de controle BR-BrBNA
005 - DATA E HORÁRIO DA ÚLTIMA TRANSAÇÃO
campo de controle 20231205091131.0
007 - CAMPO FIXO DE DESCRIÇÃO FÍSICA--INFORMAÇÃO GERAL
campo de controle de tamanho fixo ta
008 - CAMPO DE DADOS FIXOS--INFORMAÇÃO GERAL
campo de controle de tamanho fixo 230509b bl.|||p| |||| 00| 00por d
040 ## - FONTE DA CATALOGAÇÃO
Instituição da catalogação original BR-BrBNA
Idioma da catalogação por
Instituição que transcreveu o registro Biblioteca Nacional de Agricultura
041 ## - CÓDIGO DE IDIOMA
Código do idioma do texto/trilha sonora ou título diferente (En)
072 ## - CÓDIGO DE CATEGORIA DE ASSUNTO
Código de Categoria de Assunto P10
100 1# - ENTRADA PRINCIPAL--NOME PESSOAL
Nome pessoal Mortatti, J.
100 1# - ENTRADA PRINCIPAL--NOME PESSOAL
Nome pessoal Martinelli, L.A.
100 1# - ENTRADA PRINCIPAL--NOME PESSOAL
Nome pessoal Matsui, E.
100 1# - ENTRADA PRINCIPAL--NOME PESSOAL
Nome pessoal Victoria, R.L.
100 1# - ENTRADA PRINCIPAL--NOME PESSOAL
Nome pessoal Richey, J.E.
245 1# - TÍTULO
Título Isotopic variation of oxygen in the water of river Solimoes/Amazon and its main tributaries
650 ## - ASSUNTO--TERMO TÓPICO
Cabeçalho tópico ou nome geográfico BACIA HIDROGRAFICA
650 ## - ASSUNTO--TERMO TÓPICO
Cabeçalho tópico ou nome geográfico ANALISE QUIMICA
650 ## - ASSUNTO--TERMO TÓPICO
Cabeçalho tópico ou nome geográfico AMAZONIA
773 0# - ENTRADA ANALÍTICA
Título Energia Nuclear e Agricultura (Brazil)
ISSN - International Standard Serial Number ISSN 0100-3593
Partes relacionadas (1987), v. 8(1-2) p. 14-23
Número de controle do registro BR8802735
909 ## -
-- 202311
-- Lúcia
-- 55
-- Lúcia Elande
942 ## - ELEMENTOS DE ENTRADA ADICIONADOS (KOHA)
Fonte da classificação ou esquema de arquivamento na estante Classificação AGRIS
Ocultar no OPAC Não
Tipo de material Koha Analítica
Exemplares
Situação do descarte Fonte da classificação ou esquema de arquivamento na estante Situação física Não pode ser emprestado Biblioteca de origem Biblioteca atual Localização na estante Enumeração do periódico / cronologia Total de empréstimos Data de último acesso Número do exemplar Tipo de material Koha Fonte de aquisição
  Classificação AGRIS   Consulta local Biblioteca Nacional de Agricultura - Binagri Biblioteca Nacional de Agricultura - Binagri   (1987), v. 8(1-2) p. 14-23   29/11/2023 01 Periódicos Portaria Interministerial nº 164/94

BINAGRI

Telefone: (61)3218-2567/2388/3357/2097 - binagri@agro.gov.br

Ministério da Agricultura e Pecuária , Esplanada dos Ministérios, Bloco D, Anexo B, Brasília/DF, CEP: 70.043-900